Bhotia tribals of India: dynamics of economic transformation (Record no. 351704)

000 -LEADER
fixed length control field 00394cam a22001337a 4500
008 - FIXED-LENGTH DATA ELEMENTS--GENERAL INFORMATION
fixed length control field 180718b1989 xxu||||| |||| 00| 0 eng d
082 ## - DEWEY DECIMAL CLASSIFICATION NUMBER
Classification number BA27x515 P886
100 ## - MAIN ENTRY--PERSONAL NAME
Personal name Prasad, R.R.
245 ## - TITLE STATEMENT
Title Bhotia tribals of India: dynamics of economic transformation
Statement of responsibility, etc. by R.R. Prasad
260 ## - PUBLICATION, DISTRIBUTION, ETC.
Place of publication, distribution, etc. New Delhi
Name of publisher, distributor, etc. Gian
Date of publication, distribution, etc. 1989
300 ## - PHYSICAL DESCRIPTION
Extent 207p.
650 ## - SUBJECT ADDED ENTRY--TOPICAL TERM
Topical term or geographic name entry element Bhotia.
650 ## - SUBJECT ADDED ENTRY--TOPICAL TERM
Topical term or geographic name entry element Tribes and tribal system - Tibet
Holdings
Withdrawn status Lost status Damaged status Not for loan Permanent Location Current Location Date acquired Full call number Barcode Date last seen Price effective from Koha item type
        Indian Institute of Public Administration Indian Institute of Public Administration 1993-11-16 BA27x515 P886 64843 2018-07-21 2018-07-21 Book

Powered by Koha